00350nam a2200109Ia 450000500170000000800410001710000170005824501220007526000140019730000110021165000180022220260328104327.0260328s9999||||xx |||||||||||||| ||und|| aKalbach, Jim 0aMapping Experiences :b a complete Guide to customer alignment Through journeys, blueprints & Diagrams /cJim Kalbach bO´Reilly a408 p. aILUSTRACIÓN